| 000 | 00578nam a22001817a 4500 | ||
|---|---|---|---|
| 999 |
_c172989 _d172989 |
||
| 005 | 20200217123737.0 | ||
| 010 | _aENG-127884 | ||
| 020 |
_c695.00 _a9780199490356 |
||
| 035 | _aEN-111416 | ||
| 037 | _bDBAD/PUB | ||
| 082 | _a351.54 | ||
| 100 | _aMathur,Kuldeep | ||
| 245 |
_aRecasting Public Administration in India: _cby Kuldeep Mathur _bReform, Rhetoric and Neoliberalism/ |
||
| 260 |
_aNew Delhi _c2018 _bOxford University Press |
||
| 270 |
_a2/11 Ground Floor,Ansari Road,Dariyaganj _e110002 _bNew Delhi |
||
| 300 |
_avi;188p. _b23(hb) |
||
| 942 |
_2ddc _cEN _hMAT _k351.54 |
||